Statistics for World cup 1986 teams

Click here to take the quiz!

General Stats

  • This quiz has been taken 879 times
  • The average score is 20 of 24

Answer Stats

HintAnswer% Correct
GROUP AArgentina
98%
GROUP DBrazil
96%
GROUP EWest Germany
96%
GROUP FEngland
95%
GROUP BMexico
95%
GROUP AItaly
93%
GROUP DSpain
93%
GROUP CFrance
92%
GROUP FPortugal
88%
GROUP EUruguay
88%
GROUP BBelgium
87%
GROUP FPoland
87%
GROUP CSoviet Union
86%
GROUP ASouth Korea
81%
GROUP EDenmark
79%
GROUP EScotland
77%
GROUP BParaguay
73%
GROUP FMorocco
72%
GROUP DAlgeria
71%
GROUP CCanada
71%
GROUP ABulgaria
69%
GROUP CHungary
66%
GROUP BIraq
60%
GROUP DNorthern Ireland
55%

Score Distribution

Percentile by Number Answered

Percent of People with Each Score

Your Score History

You have not taken this quiz